000
00295nam a22001217a 4500
008
181012b xxu||||| |||| 00| 0 eng d
041
_a
eng
080
_a
574
100
_a
9
101
_a
MJE
245
_a
Soil Conservation Policies Institutions and Incentives
_c
Halcrow, H.G
942
_2
udc
_c
BK
999
_c
49481
_d
49481